Tri thức dân gian về cúng chữa bệnh cho phụ nữ và trẻ em của người Dao tuyển ở Lào Cai
Giới thiệu chung về dân tộc Dao tuyển ở Lào Cai. Tìm hiểu tri thức dân gian về cúng chữa bệnh cho phụ nữ và trẻ em. Một số nhận xét chung về tri thức dân gian cúng chữa bệnh của người Dao tuyển Lào Cai
Kaydedildi:
| Yazar: | |
|---|---|
| Diğer Yazarlar: | |
| Materyal Türü: | Kitap |
| Dil: | Vietnamese |
| Baskı/Yayın Bilgisi: |
H.
Văn hoá Thông tin
2014
|
| Konular: | |
| Etiketler: |
Etiketle
Etiket eklenmemiş, İlk siz ekleyin!
|
| Thư viện lưu trữ: | Mạng thư viện Đại học Đà Nẵng |
|---|
| LEADER | 01858aam a22004578a 4500 | ||
|---|---|---|---|
| 001 | 000020668 | ||
| 003 | 17115 | ||
| 005 | 20150331090337.0 | ||
| 008 | 150324s2014 viesd | ||
| 020 | |d 2000b | ||
| 041 | 0 | |a vie | |
| 082 | 0 | 4 | |2 23 |a 392.108995978 |b NG-T |
| 100 | 1 | |a Nguyễn Thị Minh Tú | |
| 245 | 1 | 0 | |a Tri thức dân gian về cúng chữa bệnh cho phụ nữ và trẻ em của người Dao tuyển ở Lào Cai |c Nguyễn Thị Minh Tú, Triệu Văn Quẩy |
| 260 | |a H. |b Văn hoá Thông tin |c 2014 | ||
| 300 | |a 251 tr. |c 21 cm. | ||
| 500 | |a ĐTTS ghi: Hội Văn nghệ dân gian Việt Nam | ||
| 504 | |a Thư mục: tr. 247-248 | ||
| 520 | |a Giới thiệu chung về dân tộc Dao tuyển ở Lào Cai. Tìm hiểu tri thức dân gian về cúng chữa bệnh cho phụ nữ và trẻ em. Một số nhận xét chung về tri thức dân gian cúng chữa bệnh của người Dao tuyển Lào Cai | ||
| 650 | 0 | 4 | |2 Bộ TK TVQG |a Cúng chữa bệnh |x Dân tộc Dao |x Tri thức dân gian |z Lào Cai |
| 650 | 7 | |2 Bộ TK TVQG | |
| 650 | 7 | |2 Bộ TK TVQG | |
| 650 | 7 | |2 Bộ TK TVQG | |
| 651 | 7 | |2 Bộ TK TVQG |a Lào Cai | |
| 653 | |a Cúng chữa bệnh | ||
| 653 | |a Dân tộc Dao | ||
| 653 | |a Phong tục tập quán | ||
| 653 | |a Tri thức dân gian | ||
| 653 | |a Phụ nữ | ||
| 653 | |a Trẻ em | ||
| 700 | 1 | |a Triệu Văn Quẩy | |
| OWN | |a LSP | ||
| AVA | |a UDN50 |b LSP |d 392.108995978 NG-T |e available |t Error 5001 Not defined in file expand_doc_bib_avail. |f 1 |g 0 |h N |i 0 |k 1 | ||
| 999 | |a From the UDN01 | ||
| AVA | |a UDN50 |b LSP |d 392.108995978 NG-T |e available |t Error 5001 Not defined in file expand_doc_bib_avail. |f 1 |g 0 |h N |i 0 |k 1 | ||
| TYP | |a Monograph | ||
| TYP | |a Printed language | ||
| 980 | |a Mạng thư viện Đại học Đà Nẵng | ||